Normal view
MARC view
Entry Nombre personal
001 - NÚMERO DE CONTROL
- campo de control: 1008
003 - IDENTIFICADOR DE NÚMERO DE CONTROL
- campo de control: DLC
005 - FECHA Y HORA DE LA ÚLTIMA TRANSACCIÓN
- campo de control: 20260401102537.0
008 - ELEMENTOS DE DATO DE LONGITUD-FIJA
- campo de control de longitud fija: 170501n| azannaabn |n aaa c
010 ## - NÚMERO DE CONTROL DE LA BIBLIOTECA DEL CONGRESO
- Número de control de LC: no2017055805
035 ## - NÚMERO DE CONTROL DEL SISTEMA
- Número de control de sistema: (OCoLC)oca10789336
040 ## - FUENTE DE CATALOGACIÓN
- Centro catalogador/agencia de origen: UOr
- Lengua de catalogación: eng
- Normas de descripción: rda
- Centro/agencia transcriptor: UOr
046 ## - FECHAS CON CODIFICACIÓN ESPECIAL
- Fecha de nacimiento: 1946-08-28
- Fuente del esquema de fecha: edtf
100 1# - ENCABEZAMIENTO-NOMBRE DE PERSONA
- Nombre de persona: Jeck, Michael,
- Fechas asociadas al nombre: 1946-
370 ## - LUGAR ASOCIADO
- Lugar de residencia/sede: Falls Church (Va.)
- Fuente del término: naf
372 ## - CAMPO DE ACTIVIDAD
- Campo de actividad: College teaching
- Campo de actividad: Film criticism
- Campo de actividad: Television broadcasting
- Fuente del término: lcsh
373 ## - GRUPO ASOCIADO
- Grupo asociado: Yale University
- Grupo asociado: New York University
- Grupo asociado: George Mason University
- Grupo asociado: MHZ Networks Home Entertainment (Firm)
- Grupo asociado: American Film Institute
- Fuente del término: naf
374 ## - OCUPACIÓN
- Ocupación: College teachers
- Ocupación: Film critics
- Fuente del término: lcsh
375 ## - GÉNERO/SEXO
- Género: male
377 ## - IDIOMA ASOCIADO
- Código del idioma: eng
378 ## - FORMA COMPLETA/DESARROLLADA DEL NOMBRE
- Forma completa/desarrollada del nombre: Michael Charles
670 ## - FUENTE DE DATOS ENCONTRADOS
- Cita de la fuente: Shichinin no samurai (Motion picture). Shichinin no samurai, 1998:
- Información encontrada: container credits (audio commentary by Michael Jeck)
670 ## - FUENTE DE DATOS ENCONTRADOS
- Cita de la fuente: LinkedIn, April 24, 2017:
- Información encontrada: (Michael Jeck, adjunct professor at George Mason University; teaches Japanese cinema, Soviet cinema, films of Akira Kurosawa, and other film courses; contributing author to Film Forum 2 and formerly was on-air host for film presentations at MHz Networks and film programmer at American Film Institute Theater; graduated from New York University with an MFA in film and TV Production, 1970; BA from Yale University in English, 1968)
670 ## - FUENTE DE DATOS ENCONTRADOS
- Cita de la fuente: Intelius.com, April 24, 2017:
- Información encontrada: (Michael Charles Jeck; has worked at George Mason University, Film Forum 2; resides in Falls Church, Virginia; age 70)
670 ## - FUENTE DE DATOS ENCONTRADOS
- Cita de la fuente: Familysearch.org, April 24, 2017:
- Información encontrada: (Michael C. Jeck; born August 28, 1946)